[Event "Aleksandria Cup"]
[Site "?"]
[Date "2015.07.17"]
[Round "6.16"]
[White "Hayrapetyan, Artavazd R."]
[Black "Ghvamberia, Nika"]
[Result "0-1"]
[LiveChessVersion "1.3.1"]
[BlackElo "2133"]
[WhiteElo "2289"]

1. d4 {[%clk 1:30:59]} Nf6 {[%clk 1:30:55]} 2. Nf3 {[%clk 1:31:26]} e6
{[%clk 1:31:13]} 3. c4 {[%clk 1:31:24]} b6 {[%clk 1:31:34]} 4. g3
{[%clk 1:31:49]} Ba6 {[%clk 1:31:59]} 5. Nbd2 {[%clk 1:32:11]} Bb4
{[%clk 1:30:23]} 6. Qc2 {[%clk 1:32:36]} Bb7 {[%clk 1:25:56]} 7. Bg2
{[%clk 1:32:59]} O-O {[%clk 1:24:12]} 8. O-O {[%clk 1:33:21]} Bxd2
{[%clk 1:24:19]} 9. Bxd2 {[%clk 1:33:44]} Be4 {[%clk 1:23:05]} 10. Qb3
{[%clk 1:34:10]} d6 {[%clk 1:22:05]} 11. Rfd1 {[%clk 1:34:17]} Nbd7
{[%clk 1:21:45]} 12. Rac1 {[%clk 1:34:41]} Qc8 {[%clk 1:20:52]} 13. Bf1
{[%clk 1:27:57]} e5 {[%clk 1:04:09]} 14. dxe5 {[%clk 1:24:47]} Nxe5
{[%clk 1:02:42]} 15. Nd4 {[%clk 1:12:54]} Bb7 {[%clk 0:58:33]} 16. f3
{[%clk 1:11:43]} Nc6 {[%clk 0:56:08]} 17. Nc2 {[%clk 1:11:03]} Qf5
{[%clk 0:54:34]} 18. Ne3 {[%clk 1:06:07]} Qc5 {[%clk 0:52:23]} 19. Kg2
{[%clk 1:04:45]} Nd4 {[%clk 0:45:01]} 20. Qd3 {[%clk 0:58:36]} Ne6
{[%clk 0:34:51]} 21. Bc3 {[%clk 0:45:46]} Qg5 {[%clk 0:31:17]} 22. Kf2
{[%clk 0:43:05]} Nc5 {[%clk 0:24:19]} 23. Qd4 {[%clk 0:43:25]} Rfe8
{[%clk 0:22:06]} 24. Nd5 {[%clk 0:36:16]} Nxd5 {[%clk 0:20:04]} 25. cxd5
{[%clk 0:36:40]} a5 {[%clk 0:20:13]} 26. h4 {[%clk 0:27:03]} Qh6 {[%clk 0:19:57]}
27. e4 {[%clk 0:24:24]} Ba6 {[%clk 0:19:05]} 28. Bxa6 {[%clk 0:24:49]} Nxa6
{[%clk 0:19:25]} 29. Bd2 {[%clk 0:24:22]} Qh5 {[%clk 0:18:02]} 30. Bg5
{[%clk 0:19:28]} f6 {[%clk 0:17:15]} 31. g4 {[%clk 0:19:52]} Qg6 {[%clk 0:17:08]}
32. Bd2 {[%clk 0:18:53]} Nc5 {[%clk 0:17:22]} 33. Re1 {[%clk 0:15:38]} Re7
{[%clk 0:16:02]} 34. Re3 {[%clk 0:13:12]} Rae8 {[%clk 0:15:27]} 35. h5
{[%clk 0:13:35]} Qg5 {[%clk 0:14:45]} 36. Rce1 {[%clk 0:12:09]} Qe5
{[%clk 0:12:27]} 37. Qxe5 {[%clk 0:12:35]} fxe5 {[%clk 0:12:20]} 38. b3
{[%clk 0:13:00]} Rf7 {[%clk 0:09:53]} 39. Ke2 {[%clk 0:04:41]} Kf8
{[%clk 0:09:17]} 40. Rc3 {[%clk 0:34:25]} Ra8 {[%clk 0:37:35]} 41. a3
{[%clk 0:32:57]} a4 {[%clk 0:22:18]} 42. b4 {[%clk 0:33:01]} Nb3 {[%clk 0:18:29]}
43. Be3 {[%clk 0:32:17]} Ke8 {[%clk 0:18:49]} 44. Rb1 {[%clk 0:32:26]} Kd7
{[%clk 0:16:54]} 45. Rb2 {[%clk 0:32:50]} Rb8 {[%clk 0:16:08]} 46. Rbc2
{[%clk 0:31:39]} Kc8 {[%clk 0:15:51]} 47. Kf2 {[%clk 0:23:19]} Kb7
{[%clk 0:15:37]} 48. Kg3 {[%clk 0:23:45]} Rbf8 {[%clk 0:15:31]} 49. Rf2
{[%clk 0:24:08]} Ka6 {[%clk 0:14:41]} 50. Rf1 {[%clk 0:24:32]} Kb7
{[%clk 0:14:10]} 51. Rc2 {[%clk 0:24:30]} Ka6 {[%clk 0:14:05]} 52. g5
{[%clk 0:24:27]} g6 {[%clk 0:13:49]} 53. hxg6 {[%clk 0:20:09]} hxg6
{[%clk 0:14:11]} 54. Rh2 {[%clk 0:20:38]} Kb5 {[%clk 0:14:28]} 55. Rh6
{[%clk 0:21:02]} Kc4 {[%clk 0:12:16]} 56. Rxg6 {[%clk 0:09:39]} Kd3
{[%clk 0:12:37]} 57. Bg1 {[%clk 0:09:44]} Nd2 {[%clk 0:12:52]} 58. Rc1
{[%clk 0:07:40]} Rxf3+ {[%clk 0:12:43]} 59. Kg2 {[%clk 0:08:06]} Nxe4
{[%clk 0:12:15]} 60. Rxc7 {[%clk 0:08:31]} b5 {[%clk 0:08:22]} 61. Kh2
{[%clk 0:05:05]} Rg3 {[%clk 0:06:48]} 62. Rc1 {[%clk 0:04:45]} Rh8+
{[%clk 0:05:13]} 63. Rh6 {[%clk 0:05:11]} Rxh6+ {[%clk 0:05:43]} 64. gxh6
{[%clk 0:05:28]} Rg6 {[%clk 0:06:11]} 65. Rc6 {[%clk 0:04:53]} Rxh6+
{[%clk 0:06:37]} 66. Kg2 {[%clk 0:05:20]} Rg6+ {[%clk 0:06:55]} 67. Kh2
{[%clk 0:05:45]} Nc3 {[%clk 0:05:39]} 68. Bc5 {[%clk 0:06:00]} Nxd5
{[%clk 0:05:50]} 0-1

[Event "Aleksandria Cup"]
[Site "?"]
[Date "2015.07.17"]
[Round "6.17"]
[White "Mammadov, Gulam"]
[Black "Jobava, Baadur"]
[Result "1/2-1/2"]
[LiveChessVersion "1.3.1"]
[BlackElo "2693"]
[WhiteElo "2175"]

1. Nf3 {[%clk 1:30:57]} Nf6 {[%clk 1:14:43]} 2. g3 {[%clk 1:31:19]} d5
{[%clk 1:14:56]} 3. Bg2 {[%clk 1:31:45]} c6 {[%clk 1:15:22]} 4. O-O
{[%clk 1:31:54]} Bg4 {[%clk 1:12:05]} 5. h3 {[%clk 1:32:04]} Bxf3
{[%clk 1:12:28]} 6. Bxf3 {[%clk 1:32:27]} e6 {[%clk 1:12:37]} 7. Bg2
{[%clk 1:31:47]} Nbd7 {[%clk 1:12:53]} 8. d3 {[%clk 1:31:31]} h5 {[%clk 1:12:27]}
9. c4 {[%clk 1:17:46]} dxc4 {[%clk 1:12:46]} 10. dxc4 {[%clk 1:18:10]} Bc5
{[%clk 1:03:06]} 11. Bf4 {[%clk 1:07:49]} Qa5 {[%clk 0:55:14]} 12. Nd2
{[%clk 1:03:15]} Bb6 {[%clk 0:54:24]} 13. a3 {[%clk 0:51:43]} O-O-O
{[%clk 0:40:01]} 14. b4 {[%clk 0:40:32]} Qf5 {[%clk 0:25:30]} 15. e4
{[%clk 0:40:23]} Qh7 {[%clk 0:11:37]} 16. e5 {[%clk 0:40:40]} Ne8
{[%clk 0:08:39]} 17. Qe2 {[%clk 0:24:55]} Qg8 {[%clk 0:02:47]} 18. c5
{[%clk 0:18:40]} Bc7 {[%clk 0:03:13]} 19. b5 {[%clk 0:18:22]} g5 {[%clk 0:01:25]}
20. bxc6 {[%clk 0:18:16]} gxf4 {[%clk 0:01:52]} 21. Qb5 {[%clk 0:17:54]} Nxc5
{[%clk 0:01:52]} 22. Nb3 {[%clk 0:17:36]} Bb6 {[%clk 0:01:38]} 23. Nxc5
{[%clk 0:15:25]} Nc7 {[%clk 0:02:05]} 24. cxb7+ {[%clk 0:13:20]} Kb8
{[%clk 0:02:32]} 25. Rad1 {[%clk 0:09:43]} Bxc5 {[%clk 0:01:27]} 26. Rxd8+
{[%clk 0:09:30]} Qxd8 {[%clk 0:01:53]} 27. Qxc5 {[%clk 0:09:57]} Rg8
{[%clk 0:02:00]} 28. Rc1 {[%clk 0:04:43]} fxg3 {[%clk 0:02:11]} 29. f4
{[%clk 0:04:45]} 1/2-1/2

[Event "Aleksandria Cup"]
[Site "?"]
[Date "2015.07.17"]
[Round "6.18"]
[White "Kuzubov, Yuriy"]
[Black "Gajic, Mladen"]
[Result "1-0"]
[LiveChessVersion "1.3.1"]
[BlackElo "2227"]
[WhiteElo "2653"]

1. c4 {[%clk 1:30:57]} c5 {[%clk 1:26:31]} 2. Nf3 {[%clk 1:31:21]} Nc6
{[%clk 1:26:44]} 3. d4 {[%clk 1:31:39]} cxd4 {[%clk 1:26:25]} 4. Nxd4
{[%clk 1:32:05]} g6 {[%clk 1:26:22]} 5. e4 {[%clk 1:32:29]} Bg7 {[%clk 1:26:46]}
6. Be3 {[%clk 1:32:49]} Nf6 {[%clk 1:24:49]} 7. Nc3 {[%clk 1:33:14]} O-O
{[%clk 1:22:16]} 8. Be2 {[%clk 1:33:34]} Nxd4 {[%clk 1:21:16]} 9. Bxd4
{[%clk 1:33:58]} d6 {[%clk 1:21:37]} 10. O-O {[%clk 1:34:20]} Bd7
{[%clk 1:08:48]} 11. Qd2 {[%clk 1:34:05]} Bc6 {[%clk 1:08:41]} 12. f3
{[%clk 1:33:57]} Nd7 {[%clk 0:38:18]} 13. Be3 {[%clk 1:34:23]} a5
{[%clk 0:37:49]} 14. b3 {[%clk 1:35:14]} Nc5 {[%clk 0:36:12]} 15. Rac1
{[%clk 1:35:38]} Qb6 {[%clk 0:34:21]} 16. Rc2 {[%clk 1:35:49]} Qb4
{[%clk 0:29:05]} 17. Rb1 {[%clk 1:35:48]} Rfe8 {[%clk 0:23:17]} 18. Qc1
{[%clk 1:34:52]} Qb6 {[%clk 0:21:48]} 19. Bf1 h5 {[%clk 0:22:12]} 20. Kh1
{[%clk 1:32:07]} Qd8 {[%clk 0:22:36]} 21. Rd2 {[%clk 1:31:53]} Qb8
{[%clk 0:17:00]} 22. Rd1 {[%clk 1:29:15]} Be5 {[%clk 0:16:11]} 23. Qd2
{[%clk 1:27:48]} Kh7 {[%clk 0:15:43]} 24. Rbc1 {[%clk 1:26:49]} Kg8
{[%clk 0:16:01]} 25. Re1 {[%clk 1:26:39]} Kh7 {[%clk 0:13:29]} 26. Nd5
{[%clk 1:26:38]} e6 {[%clk 0:13:49]} 27. Nc3 {[%clk 1:24:46]} Qd8
{[%clk 0:13:20]} 28. Red1 {[%clk 1:21:21]} Qf6 {[%clk 0:05:45]} 29. Ne2
{[%clk 1:19:01]} Qg7 {[%clk 0:03:31]} 30. Nf4 {[%clk 1:19:24]} Bxf4 31. Bxf4
{[%clk 1:19:49]} e5 {[%clk 0:03:00]} 32. Be3 {[%clk 1:16:02]} Re6
{[%clk 0:02:34]} 33. Qf2 {[%clk 1:14:52]} b6 {[%clk 0:00:47]} 34. Qh4
{[%clk 1:09:07]} Rf8 35. Rd2 f5 {[%clk 0:00:39]} 36. exf5 {[%clk 1:09:30]} Rxf5
{[%clk 0:00:38]} 37. Rcd1 {[%clk 1:02:06]} Qc7 {[%clk 0:00:44]} 38. Qg3 Kg7
{[%clk 0:01:00]} 39. Kg1 {[%clk 1:02:02]} Qe7 {[%clk 0:30:37]} 40. h4
{[%clk 1:26:22]} Be8 {[%clk 0:29:02]} 41. Bg5 {[%clk 1:13:59]} Qc7
{[%clk 0:27:19]} 42. Be2 {[%clk 1:12:51]} Rf8 {[%clk 0:27:01]} 43. Re1
{[%clk 1:12:51]} Bf7 {[%clk 0:20:45]} 44. Be3 {[%clk 1:11:15]} Rf6
{[%clk 0:18:22]} 45. Bd1 {[%clk 1:11:17]} a4 {[%clk 0:18:22]} 46. Bg5
{[%clk 1:11:17]} Re6 {[%clk 0:18:04]} 47. b4 {[%clk 1:11:37]} Na6
{[%clk 0:18:04]} 48. a3 {[%clk 1:11:37]} Qxc4 {[%clk 0:18:14]} 49. Be2
{[%clk 1:11:27]} Qc8 {[%clk 0:13:36]} 50. Rxd6 {[%clk 1:10:31]} Nc7
{[%clk 0:13:36]} 51. Rc1 {[%clk 1:09:45]} Rfe8 52. Rd2 {[%clk 1:10:07]} Qb7
{[%clk 0:09:17]} 53. Rd7 {[%clk 1:10:23]} Rc6 54. Bc4 1-0

[Event "Aleksandria Cup"]
[Site "?"]
[Date "2015.07.17"]
[Round "6.19"]
[White "Javakhadze, Zurab"]
[Black "Stjazhkina, Olga"]
[Result "1-0"]
[LiveChessVersion "1.3.1"]
[BlackElo "2191"]
[WhiteElo "2415"]

1. Nf3 {[%clk 1:30:36]} d5 {[%clk 1:30:56]} 2. g3 {[%clk 1:30:48]} c6
{[%clk 1:30:46]} 3. Bg2 {[%clk 1:31:11]} Bg4 {[%clk 1:31:09]} 4. c4
{[%clk 1:27:33]} e6 {[%clk 1:29:53]} 5. cxd5 {[%clk 1:25:50]} exd5
{[%clk 1:29:43]} 6. O-O {[%clk 1:26:14]} Nd7 {[%clk 1:29:02]} 7. d3
{[%clk 1:26:02]} Ngf6 {[%clk 1:27:33]} 8. Nc3 {[%clk 1:24:17]} Be7
{[%clk 1:27:25]} 9. e4 {[%clk 1:24:31]} O-O {[%clk 1:26:44]} 10. h3
{[%clk 1:24:31]} Bh5 {[%clk 1:24:52]} 11. g4 {[%clk 1:14:20]} dxe4
{[%clk 1:21:53]} 12. dxe4 {[%clk 1:14:16]} Bg6 {[%clk 1:22:19]} 13. Nd4
{[%clk 1:01:00]} Nc5 {[%clk 1:12:33]} 14. e5 {[%clk 0:52:17]} Ne8
{[%clk 1:07:39]} 15. Be3 {[%clk 0:46:55]} Nc7 {[%clk 1:04:18]} 16. f4
{[%clk 0:40:29]} Bd3 {[%clk 0:59:28]} 17. Rf2 {[%clk 0:40:43]} Ba6
{[%clk 0:59:49]} 18. Nf5 {[%clk 0:28:52]} N5e6 {[%clk 0:54:33]} 19. Rd2
{[%clk 0:26:47]} Qe8 {[%clk 0:54:29]} 20. Nd6 {[%clk 0:22:06]} Qb8
{[%clk 0:51:42]} 21. f5 {[%clk 0:21:19]} Nd8 {[%clk 0:49:52]} 22. f6
{[%clk 0:20:25]} gxf6 {[%clk 0:47:58]} 23. Nf5 {[%clk 0:20:50]} Re8
{[%clk 0:46:56]} 24. Rd7 {[%clk 0:20:55]} Bf8 {[%clk 0:42:27]} 25. Ne4
{[%clk 0:20:25]} Kh8 {[%clk 0:33:29]} 26. Nxf6 {[%clk 0:15:35]} Re6
{[%clk 0:31:09]} 27. Qc2 {[%clk 0:14:53]} Nd5 {[%clk 0:29:40]} 28. Nxd5
{[%clk 0:09:08]} cxd5 {[%clk 0:30:05]} 29. Bxd5 {[%clk 0:09:37]} Rg6
{[%clk 0:28:44]} 30. Rd1 {[%clk 0:05:47]} Ne6 {[%clk 0:28:08]} 31. Bxe6
{[%clk 0:03:12]} fxe6 {[%clk 0:27:00]} 32. Nh4 {[%clk 0:02:35]} Qe8
{[%clk 0:20:57]} 33. Nxg6+ {[%clk 0:02:59]} hxg6 {[%clk 0:21:22]} 34. Qf2
{[%clk 0:01:46]} Be7 {[%clk 0:19:49]} 35. Bc5 {[%clk 0:01:55]} Bg5
{[%clk 0:15:42]} 36. Rf7 {[%clk 0:01:12]} Qd8 1-0

[Event "Aleksandria Cup"]
[Site "?"]
[Date "2015.07.17"]
[Round "6.20"]
[White "Ebralidze, Alexandre"]
[Black "Morchiachishvili, Bachana"]
[Result "1/2-1/2"]
[LiveChessVersion "1.3.1"]
[BlackElo "2332"]
[WhiteElo "2135"]

1. d4 {[%clk 1:30:48]} Nf6 {[%clk 1:30:52]} 2. c4 {[%clk 1:31:10]} e6
{[%clk 1:31:00]} 3. Nf3 {[%clk 1:31:35]} Nc6 {[%clk 1:31:23]} 4. Nc3
{[%clk 1:30:17]} Bb4 {[%clk 1:31:32]} 5. Qc2 {[%clk 1:19:15]} d6 {[%clk 1:22:44]}
6. Bg5 {[%clk 1:16:12]} O-O {[%clk 1:20:42]} 7. e3 {[%clk 1:11:46]} Re8
{[%clk 1:17:32]} 8. Be2 {[%clk 1:09:43]} e5 {[%clk 1:13:46]} 9. dxe5
{[%clk 1:07:22]} dxe5 {[%clk 1:13:57]} 10. a3 {[%clk 1:06:22]} Bxc3+
{[%clk 1:13:07]} 11. Qxc3 {[%clk 1:06:39]} Bg4 {[%clk 0:55:29]} 12. Rd1
{[%clk 1:02:36]} Qe7 {[%clk 0:55:40]} 13. Qb3 {[%clk 0:59:59]} b6
{[%clk 0:48:33]} 14. h3 {[%clk 0:55:46]} Bh5 {[%clk 0:47:18]} 15. Qb5
{[%clk 0:54:42]} Qe6 {[%clk 0:45:22]} 16. c5 {[%clk 0:46:58]} a6 {[%clk 0:43:07]}
17. Qc4 {[%clk 0:46:32]} e4 {[%clk 0:40:01]} 18. Qxe6 {[%clk 0:41:35]} Rxe6
{[%clk 0:39:58]} 19. Nd4 {[%clk 0:40:06]} Nxd4 {[%clk 0:39:56]} 20. exd4
{[%clk 0:29:57]} Bxe2 {[%clk 0:40:02]} 21. Kxe2 {[%clk 0:30:26]} Nd5
{[%clk 0:40:19]} 22. Rc1 {[%clk 0:28:49]} f5 {[%clk 0:39:21]} 23. cxb6
{[%clk 0:23:35]} cxb6 {[%clk 0:34:34]} 24. g3 {[%clk 0:20:39]} Rae8
{[%clk 0:33:27]} 25. Bf4 {[%clk 0:16:40]} Nxf4+ {[%clk 0:25:37]} 26. gxf4
{[%clk 0:17:09]} Rd6 {[%clk 0:25:57]} 27. Ke3 {[%clk 0:17:15]} Red8
{[%clk 0:24:35]} 28. Rhd1 {[%clk 0:17:19]} a5 {[%clk 0:23:57]} 29. Rc7
{[%clk 0:17:01]} Rh6 {[%clk 0:22:25]} 30. Rh1 {[%clk 0:16:37]} Kf8
{[%clk 0:21:36]} 31. h4 {[%clk 0:15:27]} Rhd6 {[%clk 0:21:32]} 32. Rd1
{[%clk 0:12:05]} Rd5 {[%clk 0:21:12]} 33. h5 {[%clk 0:08:52]} R8d7
{[%clk 0:19:23]} 34. Rxd7 {[%clk 0:07:08]} Rxd7 {[%clk 0:19:51]} 35. d5
{[%clk 0:05:04]} Rc7 {[%clk 0:18:26]} 36. d6 {[%clk 0:01:07]} Rd7
{[%clk 0:18:50]} 37. Rd5 Kf7 {[%clk 0:18:48]} 38. Rxf5+ {[%clk 0:01:20]} Ke6
{[%clk 0:19:16]} 39. Kxe4 {[%clk 0:01:24]} Rxd6 {[%clk 0:19:27]} 40. Re5+
{[%clk 0:31:33]} Kf6 {[%clk 0:49:02]} 41. f5 {[%clk 0:23:29]} Rc6
{[%clk 0:46:48]} 42. f4 {[%clk 0:23:19]} Rc4+ {[%clk 0:42:16]} 43. Kf3
{[%clk 0:22:21]} Rc2 {[%clk 0:37:43]} 44. Re6+ {[%clk 0:21:32]} Kxf5
{[%clk 0:37:57]} 45. Rxb6 {[%clk 0:21:58]} a4 {[%clk 0:38:06]} 46. Rb4
{[%clk 0:20:34]} h6 {[%clk 0:37:35]} 47. Rxa4 {[%clk 0:20:13]} Rxb2
{[%clk 0:38:03]} 48. Ra5+ {[%clk 0:20:32]} Kf6 {[%clk 0:38:19]} 49. a4
{[%clk 0:20:34]} Ra2 {[%clk 0:38:34]} 50. Ra7 {[%clk 0:19:41]} Rh2
{[%clk 0:38:19]} 51. Ra6+ {[%clk 0:19:50]} Kf7 {[%clk 0:36:40]} 52. Kg4
{[%clk 0:19:56]} Rg2+ {[%clk 0:36:32]} 53. Kf5 {[%clk 0:19:35]} Rh2
{[%clk 0:36:52]} 54. Ra7+ {[%clk 0:19:57]} Kg8 {[%clk 0:37:15]} 55. a5
{[%clk 0:19:33]} Kh7 {[%clk 0:37:10]} 56. Kg4 {[%clk 0:19:25]} Rg2+
{[%clk 0:37:25]} 57. Kh3 {[%clk 0:19:38]} Ra2 {[%clk 0:37:40]} 58. a6
{[%clk 0:19:17]} Ra5 {[%clk 0:37:52]} 59. Kg4 {[%clk 0:19:27]} Kg8
{[%clk 0:38:15]} 60. Ra8+ {[%clk 0:18:27]} Kf7 {[%clk 0:37:35]} 61. f5
{[%clk 0:14:39]} Kf6 {[%clk 0:37:11]} 62. a7 {[%clk 0:12:57]} Ra4+
{[%clk 0:36:50]} 63. Kf3 {[%clk 0:11:55]} Kf7 {[%clk 0:37:12]} 64. f6
{[%clk 0:10:29]} Ra1 {[%clk 0:37:18]} 65. Ke4 1/2-1/2

[Event "Aleksandria Cup"]
[Site "?"]
[Date "2015.07.18"]
[Round "7.1"]
[White "Baghdasaryen, Vahe"]
[Black "Kostenko, Petr"]
[Result "1-0"]
[LiveChessVersion "1.3.1"]
[BlackElo "2457"]
[WhiteElo "2401"]

1. e4 {[%clk 1:26:23]} e6 {[%clk 1:30:45]} 2. d4 {[%clk 1:26:40]} d5
{[%clk 1:31:10]} 3. Nc3 {[%clk 1:27:06]} Nf6 {[%clk 1:31:33]} 4. Bg5
{[%clk 1:27:24]} dxe4 {[%clk 1:31:45]} 5. Nxe4 {[%clk 1:27:47]} Nbd7
{[%clk 1:32:09]} 6. Nf3 {[%clk 1:27:40]} h6 {[%clk 1:32:33]} 7. Nxf6+
{[%clk 1:28:03]} Nxf6 {[%clk 1:32:56]} 8. Be3 {[%clk 1:28:30]} Bd6
{[%clk 1:32:31]} 9. Bd3 {[%clk 1:28:00]} b6 {[%clk 1:32:54]} 10. Ne5
{[%clk 1:27:23]} O-O {[%clk 1:20:03]} 11. Qf3 {[%clk 1:23:41]} Nd5
{[%clk 1:20:24]} 12. Bd2 {[%clk 1:14:14]} Qh4 {[%clk 1:20:00]} 13. O-O-O
{[%clk 1:04:14]} Qxd4 {[%clk 1:16:56]} 14. Rhe1 {[%clk 1:02:43]} b5
{[%clk 0:15:58]} 15. Re4 {[%clk 0:49:20]} Qc5 {[%clk 0:16:26]} 16. b4
{[%clk 0:39:59]} Qb6 {[%clk 0:16:47]} 17. Bxh6 {[%clk 0:40:24]} f5
{[%clk 0:17:14]} 18. Bxg7 {[%clk 0:40:07]} fxe4 {[%clk 0:16:33]} 19. Qh5
{[%clk 0:38:14]} Kxg7 {[%clk 0:10:23]} 20. Qg6+ {[%clk 0:38:29]} Kh8
{[%clk 0:10:50]} 21. Bxe4 {[%clk 0:38:49]} Nf6 {[%clk 0:10:46]} 22. Rd3
{[%clk 0:39:01]} 1-0

[Event "Aleksandria Cup"]
[Site "?"]
[Date "2015.07.18"]
[Round "7.2"]
[White "Rasulov, Vugar"]
[Black "Baklan, Vladimir"]
[Result "1/2-1/2"]
[LiveChessVersion "1.3.1"]
[BlackElo "2619"]
[WhiteElo "2504"]

1. e4 {[%clk 1:30:43]} e6 {[%clk 1:30:55]} 2. d4 d5 {[%clk 1:31:20]} 3. Nd2
{[%clk 1:31:10]} c5 {[%clk 1:31:33]} 4. exd5 Qxd5 {[%clk 1:31:15]} 5. Ngf3
{[%clk 1:31:13]} cxd4 {[%clk 1:31:37]} 6. Bc4 {[%clk 1:31:35]} Qd7
{[%clk 1:31:58]} 7. O-O {[%clk 1:31:30]} Nc6 {[%clk 1:32:19]} 8. Nb3
{[%clk 1:31:46]} Nf6 {[%clk 1:32:06]} 9. Nbxd4 {[%clk 1:31:58]} Nxd4
{[%clk 1:32:27]} 10. Nxd4 {[%clk 1:32:16]} a6 {[%clk 1:32:40]} 11. Re1
{[%clk 1:31:24]} Bc5 {[%clk 1:32:06]} 12. Be3 {[%clk 1:27:54]} O-O
{[%clk 1:31:49]} 13. Bb3 {[%clk 1:24:56]} b6 {[%clk 1:22:19]} 14. Nf3
{[%clk 1:17:30]} Qc7 {[%clk 1:16:41]} 15. Bxc5 {[%clk 1:17:27]} Qxc5
{[%clk 1:17:07]} 16. Qd4 {[%clk 1:17:43]} Qxd4 {[%clk 1:12:58]} 17. Nxd4
{[%clk 1:16:16]} Re8 {[%clk 1:04:54]} 18. a4 {[%clk 1:15:36]} Bb7
{[%clk 1:01:34]} 19. a5 {[%clk 1:15:29]} b5 {[%clk 1:01:59]} 20. c3
{[%clk 1:15:27]} g6 {[%clk 0:59:03]} 21. Rad1 {[%clk 1:14:56]} Bd5
{[%clk 0:58:39]} 22. Bc2 {[%clk 1:11:01]} Rec8 {[%clk 0:52:23]} 23. Bd3
{[%clk 1:10:29]} Nd7 {[%clk 0:49:52]} 24. Ra1 {[%clk 0:48:18]} Nc5
{[%clk 0:43:31]} 25. Bf1 1/2-1/2

[Event "Aleksandria Cup"]
[Site "?"]
[Date "2015.07.18"]
[Round "7.3"]
[White "Zubov, Alexander"]
[Black "Azaladze, Shota"]
[Result "1-0"]
[LiveChessVersion "1.3.1"]
[BlackElo "2488"]
[WhiteElo "2615"]

1. d4 {[%clk 1:30:57]} Nf6 {[%clk 1:25:34]} 2. c4 {[%clk 1:31:04]} e6
{[%clk 1:25:26]} 3. Nf3 {[%clk 1:30:40]} d5 {[%clk 1:25:23]} 4. e3
{[%clk 1:29:28]} Be7 {[%clk 1:23:09]} 5. b3 {[%clk 1:29:03]} O-O {[%clk 1:21:45]}
6. Bd3 {[%clk 1:29:01]} dxc4 {[%clk 1:15:47]} 7. bxc4 {[%clk 1:29:13]} c5
{[%clk 1:07:24]} 8. O-O {[%clk 1:29:36]} cxd4 {[%clk 1:03:53]} 9. exd4
{[%clk 1:30:01]} b6 {[%clk 1:03:46]} 10. Bb2 {[%clk 1:27:33]} Bb7
{[%clk 1:01:15]} 11. Nbd2 {[%clk 1:26:06]} Nbd7 {[%clk 0:55:18]} 12. Qe2
{[%clk 1:19:19]} Re8 {[%clk 0:48:35]} 13. Ng5 {[%clk 1:17:11]} h6
{[%clk 0:37:40]} 14. f4 {[%clk 1:16:47]} hxg5 {[%clk 0:27:43]} 15. fxg5
{[%clk 1:16:57]} Nf8 {[%clk 0:28:00]} 16. gxf6 {[%clk 1:12:02]} Bxf6
{[%clk 0:28:25]} 17. Qf2 {[%clk 1:11:39]} Qc7 {[%clk 0:26:29]} 18. Rae1
{[%clk 1:04:34]} Rad8 {[%clk 0:25:15]} 19. Ne4 {[%clk 1:04:23]} Bxe4
{[%clk 0:08:21]} 20. Rxe4 {[%clk 1:04:49]} Bg5 {[%clk 0:07:44]} 21. Rg4
{[%clk 0:58:56]} Bh6 {[%clk 0:07:56]} 22. Qf6 {[%clk 0:58:53]} g6
{[%clk 0:05:38]} 23. d5 {[%clk 0:50:30]} e5 {[%clk 0:05:56]} 24. Ba3
{[%clk 0:50:24]} Bg7 {[%clk 0:05:28]} 25. Qh4 {[%clk 0:50:02]} f5
{[%clk 0:04:12]} 26. Bxf5 {[%clk 0:48:02]} gxf5 {[%clk 0:04:40]} 27. Rxf5
{[%clk 0:48:23]} Rd7 {[%clk 0:03:45]} 28. Rh5 {[%clk 0:46:09]} Kf7
{[%clk 0:01:18]} 29. Rxg7+ {[%clk 0:40:47]} Kxg7 {[%clk 0:01:47]} 30. Bxf8+
{[%clk 0:41:07]} Rxf8 {[%clk 0:01:51]} 31. Qg4+ {[%clk 0:41:27]} Kf7
{[%clk 0:01:07]} 32. Qe6+ {[%clk 0:41:49]} Kg7 {[%clk 0:01:19]} 33. Rg5+
{[%clk 0:42:13]} 1-0

[Event "Aleksandria Cup"]
[Site "?"]
[Date "2015.07.18"]
[Round "7.4"]
[White "Paichadze, Luka"]
[Black "Harutjunyan, Gevorg"]
[Result "1/2-1/2"]
[LiveChessVersion "1.3.1"]
[BlackElo "2449"]
[WhiteElo "2566"]

1. e4 {[%clk 1:30:44]} e5 {[%clk 1:30:47]} 2. Nc3 {[%clk 1:30:54]} Nf6
{[%clk 1:31:01]} 3. g3 {[%clk 1:31:09]} Nc6 {[%clk 1:24:42]} 4. Bg2
{[%clk 1:31:32]} Bc5 {[%clk 1:24:42]} 5. Nge2 {[%clk 1:25:35]} a6
{[%clk 1:23:31]} 6. O-O {[%clk 1:25:48]} d6 {[%clk 1:23:00]} 7. h3
{[%clk 1:14:58]} Nd4 {[%clk 1:19:40]} 8. d3 {[%clk 1:10:47]} c6 {[%clk 1:12:32]}
9. Kh1 {[%clk 1:06:51]} b5 {[%clk 0:56:46]} 10. a3 {[%clk 1:03:42]} Bb7
{[%clk 0:54:29]} 11. Nxd4 {[%clk 0:55:24]} Bxd4 {[%clk 0:54:50]} 12. Ne2
{[%clk 0:55:34]} Bb6 {[%clk 0:54:48]} 13. f4 {[%clk 0:52:48]} Qc7
{[%clk 0:50:03]} 14. b4 {[%clk 0:50:59]} Nd7 {[%clk 0:46:22]} 15. fxe5
{[%clk 0:42:55]} Nxe5 {[%clk 0:42:37]} 16. Bb2 {[%clk 0:41:25]} O-O
{[%clk 0:39:38]} 17. Nd4 {[%clk 0:32:16]} Rae8 {[%clk 0:36:38]} 18. a4
{[%clk 0:26:25]} c5 {[%clk 0:29:03]} 19. bxc5 {[%clk 0:24:35]} dxc5
{[%clk 0:29:28]} 20. Nf5 {[%clk 0:24:35]} b4 {[%clk 0:28:48]} 21. Qd2
{[%clk 0:15:04]} f6 1/2-1/2

[Event "Aleksandria Cup"]
[Site "?"]
[Date "2015.07.18"]
[Round "7.5"]
[White "Hayrapetyan, Hovik"]
[Black "Maghalashvili, Davit"]
[Result "1/2-1/2"]
[LiveChessVersion "1.3.1"]
[BlackElo "2515"]
[WhiteElo "2444"]

1. d4 {[%clk 1:30:57]} d5 {[%clk 1:30:57]} 2. c4 {[%clk 1:31:16]} e6
{[%clk 1:31:23]} 3. Nc3 {[%clk 1:31:39]} Be7 {[%clk 1:31:49]} 4. Bf4
{[%clk 1:31:54]} Nf6 {[%clk 1:32:03]} 5. e3 {[%clk 1:32:11]} O-O {[%clk 1:32:27]}
6. Nf3 {[%clk 1:32:07]} Nbd7 {[%clk 1:28:56]} 7. c5 {[%clk 1:30:49]} Nh5
{[%clk 1:28:36]} 8. Bd3 {[%clk 1:29:23]} Nxf4 {[%clk 1:28:28]} 9. exf4
{[%clk 1:29:48]} c6 {[%clk 1:28:29]} 10. O-O {[%clk 1:29:39]} b6 {[%clk 1:28:56]}
11. b4 {[%clk 1:29:59]} a5 {[%clk 1:29:20]} 12. a3 {[%clk 1:30:11]} Qc7
{[%clk 1:29:46]} 13. Qd2 {[%clk 1:30:06]} Ba6 {[%clk 1:28:50]} 14. Bxa6
{[%clk 1:27:04]} Rxa6 {[%clk 1:28:07]} 15. Rab1 {[%clk 1:25:55]} axb4
{[%clk 1:26:17]} 16. axb4 {[%clk 1:26:21]} Rfa8 {[%clk 1:25:44]} 17. Rfc1
{[%clk 1:23:28]} Ra3 {[%clk 1:22:05]} 18. g3 {[%clk 1:21:36]} Bf6
{[%clk 1:16:59]} 19. Kg2 {[%clk 1:16:30]} bxc5 {[%clk 1:11:52]} 20. bxc5
{[%clk 1:12:24]} Qa5 {[%clk 1:10:10]} 21. Ne5 {[%clk 1:10:31]} Nxe5
{[%clk 0:54:32]} 22. fxe5 {[%clk 1:08:58]} Bd8 {[%clk 0:54:57]} 23. Rb7
{[%clk 1:01:11]} Bc7 {[%clk 0:49:41]} 24. h4 {[%clk 0:30:47]} h6 {[%clk 0:46:06]}
25. h5 {[%clk 0:29:10]} Ra7 {[%clk 0:39:37]} 26. Rb2 {[%clk 0:28:53]} Ra8
{[%clk 0:39:17]} 27. Rb7 {[%clk 0:23:32]} Ra7 {[%clk 0:39:41]} 28. Rb2
{[%clk 0:23:57]} Ra8 {[%clk 0:40:08]} 1/2-1/2